00274nam a2200109Ia 4500008004100000100002300041245003000064260003900094300000900133942000700142999001500149190216s9999||||xx |||||||||||||| ||und|| aSankara Prasad Roy 0aAdvanced Costing Problems bIcwa London Research Publications a232p cBK c4452d4452